Science Quiz

Random Science or Letter Quiz

'C' Element Symbols Quiz Stats

 Plays Quiz Updated Jan 21, 2018

Challenge
Share
Tweet
Embed
Score 0/16 Timer 03:00
3 Plays Today
Atomic Number Element % Correct
6Carbon
97%
20Calcium
81.2%
17Chlorine
75.8%
29Copper
74.2%
27Cobalt
72%
55Caesium
66.7%
24Chromium
65.3%
48Cadmium
61.6%
Atomic Number Element % Correct
98Californium
55.9%
21Scandium
47.1%
96Curium
47.1%
58Cerium
46.6%
89Actinium
43.4%
112Copernicium
37.9%
43Technetium
36%
115Moscovium
20.7%

You're not logged in!

Compare scores with friends on all Sporcle quizzes.
OR
Log In

You Might Also Like...

Show Comments

Extras

Top Quizzes Today


Score Distribution

Your Account Isn't Verified!

In order to create a playlist on Sporcle, you need to verify the email address you used during registration. Go to your Sporcle Settings to finish the process.

Report this User

Report this user for behavior that violates our Community Guidelines.

Details: